| 000 | 00559nam a22001577a 4500 | ||
|---|---|---|---|
| 003 | NUST | ||
| 082 | _a629.8 | ||
| 100 |
_aZAHID , MUHAMMAD OMER _9122399 |
||
| 245 |
_aDesign of a Non-linear Controller for a Multi-Rotor UAV / _cMUHAMMAD OMER ZAHID |
||
| 264 |
_aIslamabad: _bSMME- NUST. _c2021. |
||
| 300 |
_a143p. ; _bSoft Copy, _c30cm. |
||
| 650 |
_aMS Robotics and Intelligent Machine Engineering _9119486 |
||
| 700 |
_aSupervisor : DR. KARAM DAD KALLU _9119537 |
||
| 856 | _u http://10.250.8.41:8080/xmlui/handle/123456789/26240 | ||
| 942 |
_2ddc _cTHE |
||
| 999 |
_c608892 _d608892 |
||